000 00973nam0a2200265 4500
001 RU\NLR\BIBL_A\022441345
005 20250806205054.0
035 _a(NLR Aleph) 022441345
090 _a73773
_c73773
100 _a20250131d1941 m y0rusy50 ca
101 0 _akaz
102 _aKZ
105 _ay z 000 y
181 0 _ai
_baxxe
182 0 _an
200 1 _aҚоммunistjk тәrbie beru mәselelerj
_fM.I. Kalinin
203 _aТекст
_bвизуальный
_cнепосредственный
210 _aAlma-Ata
_cҚазақ мемлек. saiasi әdebiet bas.
_d1941
215 _a63,[1] c.
_d20
541 1 _aВопросы коммунистического воспитания
_zrus
700 1 _aКалинин
_bМ. И.
_cгос. и парт. деятель
_f1875-1946
_gМихаил Иванович
_3RU\NLR\AUTH\770126884
_4070
942 _cBOOK
945 _aРоссийская национальная библиотека
980 _aBV